مكتبة جامعة عجلون الوطنية

فهرس بحث المكتبة

أثر الخصائص الديموغرافية لاعضاء مجلس الادارة على ادارة الارباح غي قطاع البنوك في الاردن = The Impact of Demographic Characteristics of Board Members on Earnings Management in the Banking Sector in Jordan / (Record no. 33591)

MARC details
000 -LEADER
fixed length control field 01183nam a22002057a 4500
003 - CONTROL NUMBER IDENTIFIER
control field JO-AjAnu
005 - DATE AND TIME OF LATEST TRANSACTION
control field 20240708112903.0
008 - FIXED-LENGTH DATA ELEMENTS--GENERAL INFORMATION
fixed length control field 240708b jo ||||| |||| 00| 0 ara d
040 ## - CATALOGING SOURCE
Original cataloging agency JO-AjAnu
Language of cataloging ara
Transcribing agency JO-AjAnu
Description conventions rda
041 ## - LANGUAGE CODE
Language code of text/sound track or separate title ara
Language code of original ara
050 ## - LIBRARY OF CONGRESS CALL NUMBER
Classification number HG4028
Item number 2024
100 #1 - MAIN ENTRY--PERSONAL NAME
Personal name المومني، مأمون احمد سلمان
Relator term معد
9 (RLIN) 66082
245 #0 - TITLE STATEMENT
Title أثر الخصائص الديموغرافية لاعضاء مجلس الادارة على ادارة الارباح غي قطاع البنوك في الاردن = The Impact of Demographic Characteristics of Board Members on Earnings Management in the Banking Sector in Jordan /
Statement of responsibility, etc. اعداد مأمون احمد سلمان المومني؛ اشراف احمد ابراهيم كراجة
260 ## - PUBLICATION, DISTRIBUTION, ETC.
Date of publication, distribution, etc. 2024
300 ## - PHYSICAL DESCRIPTION
Extent 87 ورقة
500 ## - GENERAL NOTE
General note رسالة جامعية( رسالة ماجستير في المحاسبة) جامعة عجلون الوطنية(عجلون، الاردن)، كلية الاعمال، 2024.
650 70 - SUBJECT ADDED ENTRY--TOPICAL TERM
Topical term or geographic name entry element ادارة الارباح- البنوك الاردنية- محاسبة- الاردن
9 (RLIN) 66084
700 #1 - ADDED ENTRY--PERSONAL NAME
Personal name كراجه، احمد ابراهيم
9 (RLIN) 64987
Relator term مشرف
942 ## - ADDED ENTRY ELEMENTS (KOHA)
Source of classification or shelving scheme Library of Congress Classification
Koha item type Thesis
Suppress in OPAC No
Holdings
Withdrawn status Lost status Source of classification or shelving scheme Damaged status Not for loan Home library Current library Date acquired Total Checkouts Full call number Barcode Date last seen Price effective from Koha item type
    Library of Congress Classification     مكتبة جامعة عجلون الوطنية مكتبة جامعة عجلون الوطنية 08/07/2024   HG4028 2024 a29961 08/07/2024 08/07/2024 Thesis
    Library of Congress Classification     مكتبة جامعة عجلون الوطنية مكتبة جامعة عجلون الوطنية 08/07/2024   HG4028 2024 a29960 08/07/2024 08/07/2024 Thesis